[Event "WCO 2016"]
[Site "?"]
[Date "2016.09.11"]
[Round "9"]
[Board "9"]
[WhiteID "6700080"]
[White "Hernandez Bera"]
[BlackID "13204149"]
[Black "Lee Seyeon"]
[Result "1-0"]
[BlackElo "1577"]
[WhiteElo "1808"]
[LiveChessVersion "1.4.8"]

1. e4 {[%clk 1:30:57]} c5 {[%clk 1:30:49]} 2. Nf3 {[%clk 1:31:19]} Nc6
{[%clk 1:31:01]} 3. Bc4 {[%clk 1:31:17]} d6 {[%clk 1:23:53]} 4. h3
{[%clk 1:26:42]} Nf6 {[%clk 1:21:18]} 5. Qe2 {[%clk 1:26:12]} e6 {[%clk 1:15:14]}
6. Nc3 {[%clk 1:15:10]} a6 {[%clk 1:12:14]} 7. a4 {[%clk 1:15:13]} Be7
{[%clk 1:10:23]} 8. d3 {[%clk 1:13:35]} O-O {[%clk 1:08:04]} 9. Nd1
{[%clk 1:11:39]} d5 {[%clk 1:02:01]} 10. Ba2 {[%clk 1:08:05]} b5 {[%clk 0:51:17]}
11. e5 {[%clk 1:05:58]} Nd7 {[%clk 0:49:41]} 12. Bb1 {[%clk 1:05:59]} bxa4
{[%clk 0:43:02]} 13. Rxa4 {[%clk 1:06:19]} Nb6 {[%clk 0:37:52]} 14. Rg4
{[%clk 0:59:20]} f6 {[%clk 0:33:07]} 15. h4 {[%clk 0:56:13]} Nxe5
{[%clk 0:30:39]} 16. Nxe5 {[%clk 0:52:31]} fxe5 {[%clk 0:30:41]} 17. Qxe5
{[%clk 0:48:30]} Bf6 {[%clk 0:29:07]} 18. Qh2 {[%clk 0:45:31]} Ra7
{[%clk 0:25:19]} 19. Bg5 {[%clk 0:45:27]} Raf7 {[%clk 0:23:21]} 20. c3
{[%clk 0:44:43]} e5 {[%clk 0:18:31]} 21. Rg3 {[%clk 0:43:45]} Qd6
{[%clk 0:15:59]} 22. Re3 {[%clk 0:42:12]} d4 {[%clk 0:11:43]} 23. Re2
{[%clk 0:41:15]} Re7 {[%clk 0:07:56]} 24. O-O {[%clk 0:39:52]} Bf5
{[%clk 0:06:38]} 25. f4 {[%clk 0:36:21]} Bxg5 {[%clk 0:04:13]} 26. fxe5
{[%clk 0:35:24]} Qg6 {[%clk 0:03:36]} 27. hxg5 {[%clk 0:35:19]} Qxg5
{[%clk 0:02:04]} 28. Ref2 {[%clk 0:35:16]} g6 {[%clk 0:01:05]} 29. cxd4
{[%clk 0:33:42]} cxd4 {[%clk 0:01:22]} 30. b4 {[%clk 0:32:19]} Rfe8
{[%clk 0:00:55]} 31. Rf4 {[%clk 0:31:21]} Rxe5 {[%clk 0:00:48]} 32. Rxd4
{[%clk 0:31:18]} Re1 {[%clk 0:00:44]} 33. Rdf4 {[%clk 0:29:11]} Nd5
{[%clk 0:00:41]} 34. R4f2 {[%clk 0:27:25]} Rxf1+ {[%clk 0:00:46]} 35. Rxf1
{[%clk 0:27:17]} Nxb4 {[%clk 0:00:50]} 36. Qd6 {[%clk 0:26:46]} Qe7
{[%clk 0:00:49]} 37. Qg3 {[%clk 0:26:27]} Qa7+ {[%clk 0:00:57]} 38. Kh1
{[%clk 0:26:25]} Qb8 {[%clk 0:00:54]} 39. Qg5 {[%clk 0:25:54]} Qe5
{[%clk 0:00:52]} 40. d4 {[%clk 0:55:12]} Qxd4 {[%clk 0:30:42]} 41. Bxf5
{[%clk 0:54:59]} Kg7 {[%clk 0:22:13]} 42. Bh3 {[%clk 0:53:15]} Qe5
{[%clk 0:20:26]} 43. Qd2 {[%clk 0:53:15]} Qe7 {[%clk 0:16:07]} 44. Nf2
{[%clk 0:51:46]} Qe2 {[%clk 0:10:17]} 45. Qd4+ {[%clk 0:51:35]} Kg8
{[%clk 0:09:05]} 46. Rb1 {[%clk 0:49:53]} Nc2 {[%clk 0:07:00]} 47. Qd5+
{[%clk 0:49:14]} Kf8 {[%clk 0:05:16]} 48. Ng4 {[%clk 0:48:50]} Qe4
{[%clk 0:02:40]} 49. Qd6+ {[%clk 0:47:48]} Qe7 {[%clk 0:02:08]} 50. Qf4+
{[%clk 0:47:02]} Qf7 {[%clk 0:01:23]} 51. Qd6+ {[%clk 0:46:16]} Kg7
{[%clk 0:01:01]} 52. Qd2 {[%clk 0:46:24]} Qc4 {[%clk 0:00:55]} 53. Qh6+
{[%clk 0:45:22]} Kh8 {[%clk 0:00:46]} 54. Nf6 {[%clk 0:45:43]} Qf7
{[%clk 0:00:42]} 55. Nxe8 {[%clk 0:45:24]} Qxe8 {[%clk 0:00:57]} 56. Qf4
{[%clk 0:45:20]} Kg8 {[%clk 0:00:41]} 57. Rb8 {[%clk 0:45:37]} 1-0

[Event "WCO 2016"]
[Site "?"]
[Date "2016.09.11"]
[Round "9"]
[Board "10"]
[WhiteID "13205668"]
[White "Dovchin Bolortungalag"]
[BlackID "6704743"]
[Black "Herrera Marjorie"]
[Result "1-0"]
[BlackElo "1738"]
[WhiteElo "1544"]
[LiveChessVersion "1.4.8"]

1. e4 {[%clk 1:30:58]} e5 {[%clk 1:30:55]} 2. Nf3 {[%clk 1:31:22]} Nc6
{[%clk 1:31:19]} 3. Bb5 {[%clk 1:31:43]} a6 {[%clk 1:31:41]} 4. Ba4
{[%clk 1:32:05]} Nf6 {[%clk 1:32:03]} 5. O-O {[%clk 1:31:52]} b5 {[%clk 1:32:27]}
6. Bb3 {[%clk 1:32:07]} Bc5 {[%clk 1:32:39]} 7. c3 {[%clk 1:31:37]} d6
{[%clk 1:33:01]} 8. d4 {[%clk 1:29:23]} Bb6 {[%clk 1:33:21]} 9. dxe5
{[%clk 1:20:27]} Nxe5 {[%clk 1:33:39]} 10. Nxe5 {[%clk 1:20:06]} dxe5
{[%clk 1:30:43]} 11. Qxd8+ {[%clk 1:17:07]} Kxd8 {[%clk 1:31:01]} 12. Bg5
{[%clk 1:11:31]} Ke8 {[%clk 1:26:42]} 13. Nd2 {[%clk 0:59:49]} Bb7
{[%clk 1:22:47]} 14. Bc2 {[%clk 0:47:55]} h6 {[%clk 1:08:01]} 15. Bh4
{[%clk 0:48:02]} Nh5 {[%clk 0:57:50]} 16. g4 {[%clk 0:37:01]} g5 {[%clk 0:43:47]}
17. Bg3 {[%clk 0:37:15]} Nxg3 {[%clk 0:43:40]} 18. hxg3 {[%clk 0:37:38]} h5
{[%clk 0:43:35]} 19. gxh5 {[%clk 0:34:36]} Rd8 {[%clk 0:32:03]} 20. Rad1
{[%clk 0:22:58]} Rxh5 {[%clk 0:30:23]} 21. Kg2 {[%clk 0:22:33]} f5
{[%clk 0:28:26]} 22. f3 {[%clk 0:19:29]} f4 {[%clk 0:24:49]} 23. g4
{[%clk 0:17:00]} Rh6 {[%clk 0:24:12]} 24. Rh1 {[%clk 0:16:55]} Rxh1
{[%clk 0:23:55]} 25. Kxh1 {[%clk 0:17:21]} Be3 {[%clk 0:24:19]} 26. Nf1
{[%clk 0:17:37]} Rxd1 {[%clk 0:24:29]} 27. Bxd1 {[%clk 0:17:50]} Bc1
{[%clk 0:24:30]} 28. b3 {[%clk 0:18:00]} Kd7 {[%clk 0:23:49]} 29. Be2
{[%clk 0:14:32]} Kd6 {[%clk 0:23:32]} 30. Kg2 {[%clk 0:14:42]} Kc5
{[%clk 0:23:38]} 31. Kf2 {[%clk 0:07:44]} b4 {[%clk 0:22:38]} 32. cxb4+
{[%clk 0:07:41]} Kxb4 {[%clk 0:23:01]} 33. Ke1 {[%clk 0:04:22]} Ka3
{[%clk 0:21:16]} 34. Kd1 {[%clk 0:04:29]} Bb2 {[%clk 0:21:15]} 35. Kc2
{[%clk 0:04:31]} Kxa2 {[%clk 0:20:34]} 36. Nd2 {[%clk 0:04:46]} a5
{[%clk 0:17:58]} 37. Bb5 {[%clk 0:02:42]} Bd4 {[%clk 0:17:19]} 38. Nc4
{[%clk 0:01:27]} c6 {[%clk 0:12:03]} 39. Nxa5 {[%clk 0:01:42]} cxb5
{[%clk 0:11:39]} 40. Nxb7 {[%clk 0:32:06]} Bb6 {[%clk 0:32:34]} 41. Nd6
{[%clk 0:32:11]} b4 {[%clk 0:29:15]} 42. Nf7 {[%clk 0:32:20]} Bc7
{[%clk 0:29:11]} 43. Nxg5 {[%clk 0:32:39]} Bd8 {[%clk 0:28:58]} 44. Nf7
{[%clk 0:32:59]} Bf6 {[%clk 0:29:22]} 45. Nd6 {[%clk 0:32:33]} Be7
{[%clk 0:29:31]} 46. Nc4 {[%clk 0:31:47]} Bf6 {[%clk 0:29:47]} 47. Na5
{[%clk 0:31:49]} Bd8 {[%clk 0:30:01]} 48. Nc6 {[%clk 0:32:06]} Bf6
{[%clk 0:30:24]} 49. Nxb4+ {[%clk 0:32:01]} Ka3 {[%clk 0:30:49]} 50. Nd5
{[%clk 0:32:08]} Bg7 {[%clk 0:31:16]} 51. g5 {[%clk 0:31:24]} Bh8
{[%clk 0:31:36]} 52. g6 {[%clk 0:30:56]} Bg7 {[%clk 0:32:02]} 53. Nc7
{[%clk 0:31:14]} 1-0

[Event "WCO 2016"]
[Site "?"]
[Date "2016.09.11"]
[Round "9"]
[Board "11"]
[WhiteID "6703089"]
[White "Zavala Galindo Alejandra Beatri"]
[BlackID "13203320"]
[Black "Park Sunwoo"]
[Result "1-0"]
[BlackElo "1626"]
[WhiteElo "1766"]
[LiveChessVersion "1.4.8"]

1. e4 {[%clk 1:30:55]} e6 {[%clk 1:30:53]} 2. d3 {[%clk 1:31:12]} c5
{[%clk 1:31:04]} 3. g3 {[%clk 1:31:20]} d5 {[%clk 1:29:17]} 4. Nd2
{[%clk 1:31:34]} Nf6 {[%clk 1:28:13]} 5. Bg2 {[%clk 1:31:28]} Nc6
{[%clk 1:27:42]} 6. f4 {[%clk 1:30:44]} g6 {[%clk 1:20:30]} 7. Ngf3
{[%clk 1:28:51]} Bg7 {[%clk 1:18:23]} 8. O-O {[%clk 1:27:03]} O-O
{[%clk 1:18:15]} 9. Qe2 {[%clk 1:20:20]} Qc7 {[%clk 1:15:29]} 10. c3
{[%clk 1:10:24]} b6 {[%clk 1:08:21]} 11. e5 {[%clk 1:04:04]} Nd7 {[%clk 1:04:49]}
12. Re1 {[%clk 1:03:01]} Ba6 {[%clk 0:55:48]} 13. Nf1 {[%clk 0:52:25]} Rfe8
{[%clk 0:49:58]} 14. c4 {[%clk 0:40:35]} Rad8 {[%clk 0:40:25]} 15. Bd2
{[%clk 0:29:28]} Nf8 {[%clk 0:30:24]} 16. Bc3 {[%clk 0:28:06]} dxc4
{[%clk 0:23:53]} 17. dxc4 {[%clk 0:28:24]} Rd7 {[%clk 0:19:55]} 18. b3
{[%clk 0:26:37]} Red8 {[%clk 0:18:50]} 19. Rad1 {[%clk 0:26:32]} Bb7
{[%clk 0:14:45]} 20. a3 {[%clk 0:15:24]} a5 {[%clk 0:13:40]} 21. g4
{[%clk 0:10:00]} Nd4 {[%clk 0:11:32]} 22. Bxd4 {[%clk 0:09:14]} cxd4
{[%clk 0:09:36]} 23. Rd3 {[%clk 0:09:16]} f6 {[%clk 0:08:08]} 24. a4
{[%clk 0:07:22]} fxe5 {[%clk 0:03:28]} 25. Nxe5 {[%clk 0:07:31]} Bxe5
{[%clk 0:03:44]} 26. Qxe5 {[%clk 0:06:08]} Qxe5 {[%clk 0:03:31]} 27. Rxe5
{[%clk 0:06:25]} Bxg2 {[%clk 0:03:24]} 28. Kxg2 {[%clk 0:06:51]} Rd6
{[%clk 0:02:47]} 29. Re4 {[%clk 0:06:43]} g5 {[%clk 0:02:06]} 30. f5
{[%clk 0:05:01]} exf5 {[%clk 0:01:58]} 31. gxf5 {[%clk 0:05:24]} h5
{[%clk 0:01:38]} 32. Ng3 {[%clk 0:05:21]} h4 {[%clk 0:01:50]} 33. Ne2
{[%clk 0:05:35]} Rf6 {[%clk 0:01:23]} 34. Rdxd4 {[%clk 0:05:03]} Rxd4
{[%clk 0:01:12]} 35. Nxd4 {[%clk 0:05:26]} Kg7 {[%clk 0:00:56]} 36. Rg4
{[%clk 0:03:33]} Kh6 {[%clk 0:01:12]} 37. Re4 {[%clk 0:03:33]} Nd7
{[%clk 0:00:49]} 38. Kf3 {[%clk 0:03:10]} Nc5 {[%clk 0:01:03]} 39. Re8
{[%clk 0:02:26]} Kg7 {[%clk 0:00:53]} 40. Kg4 {[%clk 0:31:33]} Kf7
{[%clk 0:30:45]} 41. Re5 {[%clk 0:26:28]} Rd6 {[%clk 0:23:44]} 42. Ne6
{[%clk 0:25:59]} Kf6 {[%clk 0:16:43]} 43. Rd5 {[%clk 0:24:45]} Rxd5
{[%clk 0:13:58]} 44. cxd5 {[%clk 0:25:07]} Ne4 {[%clk 0:14:03]} 45. h3
{[%clk 0:18:46]} Nf2+ {[%clk 0:10:50]} 46. Kf3 {[%clk 0:19:04]} Nd3
{[%clk 0:05:57]} 47. Ke4 {[%clk 0:18:55]} Ne5 {[%clk 0:05:15]} 48. Nxg5
{[%clk 0:18:49]} Nd7 {[%clk 0:05:01]} 49. Ne6 {[%clk 0:18:37]} Ke7
{[%clk 0:04:38]} 50. Ng5 {[%clk 0:14:51]} Nc5+ {[%clk 0:03:00]} 51. Ke5
{[%clk 0:15:13]} Nd3+ {[%clk 0:03:15]} 52. Kd4 {[%clk 0:15:03]} Nc5
{[%clk 0:02:35]} 53. f6+ {[%clk 0:15:19]} Kxf6 {[%clk 0:02:09]} 54. Ne4+
{[%clk 0:15:44]} Nxe4 {[%clk 0:02:28]} 55. Kxe4 {[%clk 0:16:10]} Kf7
{[%clk 0:02:43]} 56. Kf5 1-0

[Event "WCO 2016"]
[Site "?"]
[Date "2016.09.11"]
[Round "9"]
[Board "12"]
[WhiteID "13202316"]
[White "Kim Yubin"]
[BlackID "6702392"]
[Black "Ortez Andrea"]
[Result "0-1"]
[BlackElo "1756"]
[WhiteElo "1660"]
[LiveChessVersion "1.4.8"]

1. e4 {[%clk 1:30:52]} c5 {[%clk 1:30:48]} 2. Nf3 {[%clk 1:31:14]} d6
{[%clk 1:30:57]} 3. d4 {[%clk 1:31:27]} cxd4 {[%clk 1:30:45]} 4. Nxd4
{[%clk 1:31:41]} Nf6 {[%clk 1:30:39]} 5. Nc3 {[%clk 1:31:48]} g6 {[%clk 1:30:40]}
6. Be3 {[%clk 1:31:53]} Bg7 {[%clk 1:30:29]} 7. f3 {[%clk 1:31:41]} Nc6
{[%clk 1:30:17]} 8. Qd2 {[%clk 1:31:01]} O-O {[%clk 1:29:43]} 9. Bc4
{[%clk 1:30:49]} Bd7 {[%clk 1:28:53]} 10. h4 {[%clk 1:27:52]} h5 {[%clk 1:28:01]}
11. O-O-O {[%clk 1:26:37]} Rc8 {[%clk 1:27:33]} 12. Bb3 {[%clk 1:24:58]} Ne5
{[%clk 1:25:45]} 13. Bh6 {[%clk 1:21:12]} Nc4 {[%clk 1:21:45]} 14. Bxc4
{[%clk 1:21:17]} Rxc4 {[%clk 1:22:05]} 15. Bxg7 {[%clk 1:19:00]} Kxg7
{[%clk 1:22:28]} 16. g4 {[%clk 1:14:45]} Qa5 {[%clk 1:12:54]} 17. Nb3
{[%clk 1:12:48]} Qd8 {[%clk 0:31:56]} 18. gxh5 {[%clk 0:45:56]} Nxh5
{[%clk 0:31:32]} 19. Rhg1 {[%clk 0:36:28]} Rh8 {[%clk 0:15:03]} 20. Qd3
{[%clk 0:22:01]} b5 {[%clk 0:12:56]} 21. Nd2 {[%clk 0:13:55]} Rc5
{[%clk 0:11:35]} 22. Nb3 {[%clk 0:10:10]} Rc4 {[%clk 0:05:41]} 23. Nd2
{[%clk 0:04:42]} Rc5 {[%clk 0:03:20]} 24. Qd4+ {[%clk 0:02:46]} Kh7
{[%clk 0:03:17]} 25. Nb3 {[%clk 0:02:50]} Rc4 {[%clk 0:02:48]} 26. Qxa7
{[%clk 0:01:51]} Qc8 {[%clk 0:01:22]} 27. Qf2 {[%clk 0:01:01]} Nf4
{[%clk 0:01:09]} 28. Nd5 {[%clk 0:00:47]} Nh3 {[%clk 0:00:55]} 29. Qd2
{[%clk 0:00:43]} Nxg1 {[%clk 0:01:05]} 30. Rxg1 {[%clk 0:01:10]} Qe8
{[%clk 0:01:00]} 31. h5 {[%clk 0:01:11]} Kg7 {[%clk 0:00:58]} 32. hxg6
{[%clk 0:00:49]} fxg6 {[%clk 0:01:18]} 33. Na5 {[%clk 0:00:38]} Rc8
{[%clk 0:00:53]} 34. Nf4 {[%clk 0:00:37]} Rh6 35. Nb3 {[%clk 0:00:37]} Qf7
{[%clk 0:01:21]} 36. Ng2 {[%clk 0:00:32]} Rh2 {[%clk 0:01:25]} 37. Qd4+
{[%clk 0:00:34]} Kh7 {[%clk 0:01:30]} 38. Qf2 {[%clk 0:00:42]} Qc4
{[%clk 0:01:28]} 39. a3 {[%clk 0:00:39]} Qxb3 {[%clk 0:01:33]} 40. Kb1
{[%clk 0:30:49]} Qc4 {[%clk 0:31:21]} 41. Rd1 {[%clk 0:29:54]} Be6
{[%clk 0:30:23]} 42. b3 {[%clk 0:29:50]} Qc3 {[%clk 0:29:35]} 43. Rc1
{[%clk 0:29:26]} Bxb3 {[%clk 0:29:41]} 0-1

[Event "WCO 2016"]
[Site "?"]
[Date "2016.09.11"]
[Round "9"]
[Board "9"]
[WhiteID "4808436"]
[White "ALbarbari Vin Kamal Jalal Adin"]
[BlackID "15000141"]
[Black "Bejatovic Bojana"]
[Result "0-1"]
[BlackElo "2063"]
[WhiteElo "1592"]
[LiveChessVersion "1.4.8"]

1. e4 {[%clk 1:30:57]} Nf6 {[%clk 1:30:55]} 2. Nc3 {[%clk 1:31:08]} d5
{[%clk 1:31:21]} 3. exd5 {[%clk 1:29:02]} Nxd5 {[%clk 1:31:42]} 4. Bc4
{[%clk 1:27:19]} Nb6 {[%clk 1:31:49]} 5. Bb3 {[%clk 1:27:35]} Nc6
{[%clk 1:31:52]} 6. d3 {[%clk 1:27:00]} Bf5 {[%clk 1:29:59]} 7. Be3
{[%clk 1:25:47]} e6 {[%clk 1:29:22]} 8. h3 {[%clk 1:25:00]} Bd6 {[%clk 1:25:33]}
9. Nf3 {[%clk 1:24:27]} Na5 {[%clk 1:20:02]} 10. Nd4 {[%clk 1:16:36]} Bg6
{[%clk 1:18:39]} 11. Ndb5 {[%clk 1:07:39]} a6 {[%clk 0:55:04]} 12. Nxd6+
{[%clk 1:01:15]} Qxd6 {[%clk 0:55:23]} 13. Qf3 {[%clk 1:00:13]} c5
{[%clk 0:46:12]} 14. Rd1 {[%clk 0:39:19]} Rc8 {[%clk 0:36:08]} 15. h4
{[%clk 0:37:13]} h5 {[%clk 0:34:21]} 16. Ne4 {[%clk 0:31:47]} Qe5
{[%clk 0:32:56]} 17. Bf4 {[%clk 0:28:53]} Bxe4 {[%clk 0:32:07]} 18. Bxe5
{[%clk 0:27:04]} Bxf3 {[%clk 0:32:32]} 19. gxf3 {[%clk 0:27:22]} Nxb3
{[%clk 0:31:33]} 20. axb3 {[%clk 0:27:42]} f6 {[%clk 0:31:51]} 21. Bc3
{[%clk 0:27:34]} Kf7 {[%clk 0:29:14]} 22. Ke2 {[%clk 0:25:35]} e5
{[%clk 0:24:09]} 23. Rdg1 {[%clk 0:20:48]} Nd5 {[%clk 0:23:55]} 24. Bd2
{[%clk 0:21:01]} Rcg8 {[%clk 0:19:39]} 25. Rg3 {[%clk 0:19:38]} Nf4+
{[%clk 0:17:13]} 26. Bxf4 {[%clk 0:19:04]} exf4 {[%clk 0:17:43]} 27. Rgh3
{[%clk 0:18:27]} Rh6 {[%clk 0:16:37]} 28. Kd2 {[%clk 0:15:11]} Rgh8
{[%clk 0:15:43]} 29. Rg1 {[%clk 0:14:31]} Rg6 {[%clk 0:15:50]} 30. Rhh1
{[%clk 0:14:44]} Rxg1 {[%clk 0:13:30]} 31. Rxg1 {[%clk 0:15:02]} Rg8
{[%clk 0:13:59]} 32. Rh1 {[%clk 0:14:55]} Kg6 {[%clk 0:14:14]} 33. Kc3
{[%clk 0:14:18]} Kh6 {[%clk 0:14:14]} 34. Kd2 {[%clk 0:14:22]} g5
{[%clk 0:14:28]} 35. Ke2 {[%clk 0:12:34]} g4 36. fxg4 hxg4 {[%clk 0:10:26]} 37.
Rg1 {[%clk 0:06:04]} Kh5 {[%clk 0:10:21]} 38. Rh1 {[%clk 0:06:29]} Re8+
{[%clk 0:10:27]} 39. Kd2 {[%clk 0:03:46]} g3 {[%clk 0:09:39]} 40. fxg3
{[%clk 0:33:34]} fxg3 {[%clk 0:40:05]} 41. Rf1 {[%clk 0:32:55]} g2
{[%clk 0:38:47]} 42. Rg1 {[%clk 0:33:16]} Rg8 {[%clk 0:39:10]} 43. Ke3
{[%clk 0:33:15]} Kxh4 {[%clk 0:39:31]} 44. Kf3 {[%clk 0:33:22]} Kh3
{[%clk 0:39:51]} 45. c3 {[%clk 0:32:50]} Rg3+ {[%clk 0:39:48]} 46. Kf2
{[%clk 0:32:51]} Rxd3 {[%clk 0:38:21]} 0-1

[Event "WCO 2016"]
[Site "?"]
[Date "2016.09.11"]
[Round "9"]
[Board "10"]
[WhiteID "15000133"]
[White "Nikolovska Dragana"]
[BlackID "4801776"]
[Black "Jalaluldeen Kareen Kamal J."]
[Result "1-0"]
[BlackElo "1824"]
[WhiteElo "1886"]
[LiveChessVersion "1.4.8"]

1. e4 {[%clk 1:30:54]} e6 {[%clk 1:30:49]} 2. d4 {[%clk 1:31:16]} d5
{[%clk 1:31:05]} 3. Nd2 {[%clk 1:31:36]} Nf6 {[%clk 1:31:17]} 4. e5
{[%clk 1:31:55]} Nfd7 {[%clk 1:31:39]} 5. Bd3 {[%clk 1:32:12]} c5
{[%clk 1:31:54]} 6. c3 {[%clk 1:32:27]} Nc6 {[%clk 1:32:02]} 7. Ngf3
{[%clk 1:32:40]} Qb6 {[%clk 1:31:45]} 8. O-O {[%clk 1:32:52]} cxd4
{[%clk 1:27:25]} 9. cxd4 {[%clk 1:33:08]} Nxd4 {[%clk 1:17:57]} 10. Nxd4
{[%clk 1:33:24]} Qxd4 {[%clk 1:18:21]} 11. Nf3 {[%clk 1:33:46]} Qb6
{[%clk 1:12:54]} 12. Qa4 {[%clk 1:33:59]} Qb4 {[%clk 1:08:09]} 13. Qc2
{[%clk 1:33:58]} Be7 {[%clk 1:03:03]} 14. Be3 {[%clk 1:09:48]} Nc5
{[%clk 0:57:28]} 15. Bxh7 {[%clk 0:56:03]} Bd7 {[%clk 0:40:21]} 16. Rac1
{[%clk 0:45:35]} Rc8 {[%clk 0:29:11]} 17. a3 {[%clk 0:39:28]} Qg4
{[%clk 0:24:41]} 18. h3 {[%clk 0:36:29]} Qh5 {[%clk 0:24:12]} 19. Bd3
{[%clk 0:36:38]} Nxd3 {[%clk 0:21:59]} 20. Qxd3 {[%clk 0:36:41]} Bc6
{[%clk 0:20:01]} 21. Bxa7 {[%clk 0:31:26]} g5 {[%clk 0:17:27]} 22. Nh2
{[%clk 0:30:48]} Bd8 {[%clk 0:11:46]} 23. Ng4 {[%clk 0:26:59]} O-O
{[%clk 0:08:27]} 24. Bb6 {[%clk 0:25:10]} Qh7 {[%clk 0:06:59]} 25. Qd2
{[%clk 0:21:28]} Qg6 {[%clk 0:06:35]} 26. Bxd8 {[%clk 0:20:59]} Rfxd8
{[%clk 0:06:40]} 27. Nf6+ {[%clk 0:21:00]} Kg7 {[%clk 0:06:22]} 28. Rc3
{[%clk 0:20:51]} Qf5 {[%clk 0:02:36]} 29. Rg3 {[%clk 0:17:45]} Kh6
{[%clk 0:02:46]} 30. f4 {[%clk 0:17:38]} g4 {[%clk 0:01:15]} 31. Nxg4+
{[%clk 0:16:36]} Kh7 {[%clk 0:01:22]} 32. Nf6+ {[%clk 0:15:51]} Kh8
{[%clk 0:00:47]} 33. Rg5 1-0

[Event "WCO 2016"]
[Site "?"]
[Date "2016.09.11"]
[Round "9"]
[Board "11"]
[WhiteID "4804929"]
[White "A-ALI Sali Abbas Abdulzahra"]
[BlackID "15001695"]
[Black "Lakinska Simona"]
[Result "1-0"]
[BlackElo "1695"]
[WhiteElo "1728"]
[LiveChessVersion "1.4.8"]

1. e4 {[%clk 1:30:56]} e5 {[%clk 1:30:49]} 2. Nf3 {[%clk 1:31:18]} Nc6
{[%clk 1:31:04]} 3. Bc4 {[%clk 1:31:42]} Nf6 {[%clk 1:31:22]} 4. Ng5
{[%clk 1:31:27]} d5 {[%clk 1:31:02]} 5. exd5 {[%clk 1:31:50]} Nd4
{[%clk 1:15:26]} 6. c3 {[%clk 1:25:50]} Nf5 {[%clk 1:15:10]} 7. Qe2
{[%clk 1:20:09]} Bd6 {[%clk 1:02:09]} 8. d3 {[%clk 1:19:19]} O-O {[%clk 1:01:43]}
9. O-O {[%clk 1:19:08]} h6 {[%clk 1:01:28]} 10. Ne4 {[%clk 1:19:14]} Be7
{[%clk 0:54:28]} 11. Nxf6+ {[%clk 1:18:37]} Bxf6 {[%clk 0:54:49]} 12. Nd2
{[%clk 1:17:47]} a6 {[%clk 0:48:03]} 13. Ne4 {[%clk 1:16:52]} Be7
{[%clk 0:46:14]} 14. Be3 {[%clk 1:15:33]} b5 {[%clk 0:42:18]} 15. Bb3
{[%clk 1:15:56]} Bb7 {[%clk 0:42:22]} 16. c4 {[%clk 1:16:02]} Nd4
{[%clk 0:38:22]} 17. Bxd4 {[%clk 1:08:51]} exd4 {[%clk 0:38:36]} 18. Rfe1
{[%clk 1:05:15]} Qd7 {[%clk 0:26:40]} 19. Qf3 {[%clk 1:01:14]} c6
{[%clk 0:24:12]} 20. dxc6 {[%clk 1:00:07]} Bxc6 {[%clk 0:24:14]} 21. cxb5
{[%clk 1:00:22]} axb5 {[%clk 0:22:55]} 22. Rac1 {[%clk 0:59:30]} Rac8
{[%clk 0:18:34]} 23. Rc2 {[%clk 0:57:05]} Kh8 {[%clk 0:11:19]} 24. Qg3
{[%clk 0:54:27]} Bb4 {[%clk 0:07:15]} 25. Ree2 {[%clk 0:50:54]} Rce8
{[%clk 0:03:50]} 26. a3 {[%clk 0:43:40]} Bxe4 {[%clk 0:03:01]} 27. axb4
{[%clk 0:43:34]} Bd5 {[%clk 0:02:39]} 28. Bxd5 {[%clk 0:43:19]} Rxe2
{[%clk 0:02:20]} 29. Rxe2 {[%clk 0:43:36]} Rc8 {[%clk 0:02:00]} 30. h3
{[%clk 0:43:08]} Qxd5 {[%clk 0:02:26]} 31. Re5 {[%clk 0:42:41]} Rc1+
{[%clk 0:01:57]} 32. Kh2 {[%clk 0:43:02]} Qd7 {[%clk 0:02:20]} 33. Qf4
{[%clk 0:40:42]} Rc2 {[%clk 0:02:10]} 34. Re4 {[%clk 0:40:54]} Rxb2
{[%clk 0:01:44]} 35. Rxd4 {[%clk 0:41:21]} Qe7 {[%clk 0:02:02]} 36. Re4
{[%clk 0:35:05]} Qd7 {[%clk 0:01:53]} 37. Rd4 {[%clk 0:29:35]} Qe7
{[%clk 0:01:50]} 38. Qe3 {[%clk 0:28:22]} Qc7+ {[%clk 0:01:40]} 39. g3
{[%clk 0:28:42]} Rb1 {[%clk 0:01:32]} 40. Qe8+ {[%clk 0:55:26]} Kh7
{[%clk 0:31:54]} 41. Qxb5 {[%clk 0:55:33]} Qc8 {[%clk 0:21:05]} 42. Qd7
{[%clk 0:51:40]} Qa8 {[%clk 0:19:23]} 43. Re4 {[%clk 0:51:22]} Qa2
{[%clk 0:16:44]} 44. Qf5+ {[%clk 0:51:14]} g6 {[%clk 0:17:02]} 45. Qf6
{[%clk 0:51:30]} Rb2 {[%clk 0:15:27]} 46. Kg2 {[%clk 0:51:16]} Re2
{[%clk 0:14:19]} 47. Rxe2 {[%clk 0:51:06]} Qxe2 {[%clk 0:14:45]} 48. Qxf7+
{[%clk 0:51:31]} Kh8 {[%clk 0:15:10]} 49. Qxg6 {[%clk 0:51:37]} 1-0

[Event "WCO 2016"]
[Site "?"]
[Date "2016.09.11"]
[Round "9"]
[Board "12"]
[WhiteID "15003590"]
[White "Manova Ivana"]
[BlackID "4806476"]
[Black "Al-Fayyadh Zainab Asif Abdulah"]
[Result "1-0"]
[BlackElo "1703"]
[WhiteElo "1724"]
[LiveChessVersion "1.4.8"]

1. e4 {[%clk 1:30:57]} e5 {[%clk 1:30:55]} 2. Nf3 {[%clk 1:31:22]} Nc6
{[%clk 1:31:18]} 3. d4 {[%clk 1:31:17]} exd4 {[%clk 1:31:39]} 4. Bc4
{[%clk 1:31:38]} Nf6 {[%clk 1:29:35]} 5. e5 {[%clk 1:31:49]} Ne4 {[%clk 1:29:14]}
6. Bd5 {[%clk 1:29:57]} Nc5 {[%clk 1:28:59]} 7. Nxd4 {[%clk 1:23:06]} Nxe5
{[%clk 1:11:03]} 8. Qe2 {[%clk 1:22:55]} Qe7 {[%clk 1:10:15]} 9. Nf5
{[%clk 0:47:49]} Qf6 {[%clk 1:09:16]} 10. Ng3 {[%clk 0:41:08]} Be7
{[%clk 1:06:31]} 11. Nh5 {[%clk 0:38:42]} Qd6 {[%clk 0:57:12]} 12. Nxg7+
{[%clk 0:38:08]} Kf8 {[%clk 0:52:23]} 13. Nf5 {[%clk 0:36:53]} Qxd5
{[%clk 0:50:05]} 14. Bh6+ {[%clk 0:36:59]} Ke8 {[%clk 0:49:04]} 15. Nxe7
{[%clk 0:32:47]} Kxe7 {[%clk 0:37:51]} 16. Bg7 {[%clk 0:27:46]} Rg8
{[%clk 0:35:25]} 17. Bxe5 {[%clk 0:19:44]} Qe4 {[%clk 0:33:19]} 18. Qxe4
{[%clk 0:15:27]} Nxe4 {[%clk 0:33:42]} 19. f3 {[%clk 0:15:33]} d6
{[%clk 0:30:31]} 20. Bf4 {[%clk 0:14:44]} Nc5 {[%clk 0:29:25]} 21. Kf2
{[%clk 0:12:54]} Bf5 {[%clk 0:28:52]} 22. Re1+ {[%clk 0:13:12]} Kd7
{[%clk 0:29:08]} 23. Na3 {[%clk 0:10:23]} h5 {[%clk 0:18:15]} 24. Be3
{[%clk 0:08:45]} Na4 {[%clk 0:14:19]} 25. b3 {[%clk 0:08:30]} Nb6
{[%clk 0:14:31]} 26. c4 {[%clk 0:07:51]} Rae8 {[%clk 0:13:37]} 27. Nb5
{[%clk 0:07:25]} a6 {[%clk 0:12:31]} 28. Nd4 {[%clk 0:07:41]} Bh7
{[%clk 0:10:55]} 29. Ne2 {[%clk 0:06:37]} Nc8 {[%clk 0:10:34]} 30. Nf4
{[%clk 0:06:52]} Kc6 {[%clk 0:05:18]} 31. Nxh5 {[%clk 0:06:48]} Re6
{[%clk 0:05:19]} 32. g4 {[%clk 0:06:07]} Rge8 {[%clk 0:04:07]} 33. Ng7
{[%clk 0:06:16]} Rxe3 {[%clk 0:02:39]} 34. Rxe3 {[%clk 0:06:42]} Rxe3
{[%clk 0:02:23]} 35. Kxe3 {[%clk 0:07:10]} Ne7 {[%clk 0:01:52]} 36. Nh5
{[%clk 0:06:14]} Ng6 {[%clk 0:01:38]} 37. Nf6 {[%clk 0:06:34]} 1-0